|
|
|
|
| LEADER |
00000cam a22000004a 4500 |
| 001 |
musev2_24975 |
| 003 |
MdBmJHUP |
| 005 |
20230905042647.0 |
| 006 |
m o d |
| 007 |
cr||||||||nn|n |
| 008 |
151017s2010 azu o 00 0 eng d |
| 020 |
|
|
|a 9780816501090
|
| 020 |
|
|
|z 9780816528974
|
| 035 |
|
|
|a (OCoLC)855606913
|
| 040 |
|
|
|a MdBmJHUP
|c MdBmJHUP
|
| 100 |
1 |
|
|a Yetman, David A.
|
| 245 |
1 |
0 |
|a The Ópatas :
|b In Search of a Sonoran People
|
| 264 |
|
1 |
|a Tucson :
|b University of Arizona Press,
|c 2010.
|
| 264 |
|
3 |
|a Baltimore, Md. :
|b Project MUSE,
|c 2014
|
| 264 |
|
4 |
|c ©2010.
|
| 300 |
|
|
|a 1 online resource (360 pages).
|
| 336 |
|
|
|a text
|b txt
|2 rdacontent
|
| 337 |
|
|
|a computer
|b c
|2 rdamedia
|
| 338 |
|
|
|a online resource
|b cr
|2 rdacarrier
|
| 490 |
0 |
|
|a Southwest Center Series
|
| 505 |
0 |
|
|a Contents -- List of Maps -- List of Figures -- List of Plates -- Preface -- Acknowledgments -- 1. Sonora: The OpaterÃa -- 2. Where They Were: The Land and the Limits of Opatan Unity -- 3. Opatans as They Were When Spaniards Arrived -- 4. The Jesuits in the OpaterÃa -- 5. The New Conflicts: Mining and Miners -- 6. The OpaterÃa Following the Jesuit Expulsion -- 7. Opatan Resistance: Summary and Discussion -- Appendix. The Languages of the OpaterÃa -- David Shaul -- Notes -- References -- Index
|
| 588 |
|
|
|a Description based on print version record.
|
| 650 |
|
7 |
|a Opata Indians.
|2 fast
|0 (OCoLC)fst01046039
|
| 650 |
|
6 |
|a Opata (Indiens)
|x Relations avec l'État.
|
| 650 |
|
6 |
|a Opata (Indiens)
|x Moeurs et coutumes.
|
| 650 |
|
6 |
|a Opata (Indiens)
|x Histoire.
|
| 650 |
|
0 |
|a Opata Indians
|x Government relations.
|
| 650 |
|
0 |
|a Opata Indians
|x Social life and customs.
|
| 650 |
|
0 |
|a Opata Indians
|x History.
|
| 651 |
|
7 |
|a Mexico
|z Sonora (State)
|2 fast
|0 (OCoLC)fst01330176
|
| 651 |
|
6 |
|a Sonora (Mexique : État)
|x Histoire.
|
| 651 |
|
0 |
|a Sonora (Mexico : State)
|x History.
|
| 655 |
|
7 |
|a History.
|2 fast
|0 (OCoLC)fst01411628
|
| 655 |
|
7 |
|a Electronic books.
|2 local
|
| 710 |
2 |
|
|a Project Muse.
|e distributor
|
| 830 |
|
0 |
|a Book collections on Project MUSE.
|
| 856 |
4 |
0 |
|z Texto completo
|u https://projectmuse.uam.elogim.com/book/24975/
|
| 945 |
|
|
|a Project MUSE - Custom Collection
|
| 945 |
|
|
|a Project MUSE - Archive Complete Supplement II
|
| 945 |
|
|
|a Project MUSE - Archive History Supplement II
|
| 945 |
|
|
|a Project MUSE - Archive Native American and Indigenous Studies Supplement
|